000 00218nam a22000857a 4500
001 1255738
005 20251212101931.0
245 _aRAFADAN TAYFA EĞLENİYOR SAĞLIK MUHAFIZLARI
_cOZAN ÇİVİT
260 _bERDEM YAYINLARI
999 _c1255738
_d1255738